Dynamics of economic well-being : poverty, 2004-2006 /

Bibliographic Details
Main Author: Anderson, Robin J.
Corporate Author: U.S. Census Bureau
Format: Government Document eBook
Language:English
Published: [Washington, D.C.] : U.S. Dept. of Commerce, Economics and Statistics Administration, U.S. Census Bureau, [2011]
Series:Current population reports. Household economic studies ; no. 123.
Subjects:
Online Access:https://purl.fdlp.gov/GPO/gpo8160

MARC

Tag First Indicator Second Indicator Subfields
LEADER 00000cam a2200000Ia 4500
001 in00002702913
005 20211120161740.0
006 m d f
007 cr cn|||||||||
008 110414s2011 dcua ob f000 0 eng d
035 |a (OCoLC)ocn712646560 
040 |a CBU  |b eng  |c CBU  |d OCLCQ  |d GPO  |d MvI  |d UtOrBLW 
043 |a n-us--- 
049 |a WWW 
074 |a 0142-C-08 (online) 
086 0 |a C 3.186:P-70/2/123 
100 1 |a Anderson, Robin J. 
245 1 0 |a Dynamics of economic well-being :  |b poverty, 2004-2006 /  |c by Robin J. Anderson. 
264 1 |a [Washington, D.C.] :  |b U.S. Dept. of Commerce, Economics and Statistics Administration, U.S. Census Bureau,  |c [2011] 
300 |a 1 online resource (30 pages) :  |b color illustrations 
336 |a text  |b txt  |2 rdacontent 
337 |a computer  |b c  |2 rdamedia 
338 |a online resource  |b cr  |2 rdacarrier 
490 1 |a Current population reports. Household economic studies ;  |v P70-123 
500 |a Title from title screen (viewed on June 8, 2011). 
500 |a "Issued March 2011." 
504 |a Includes bibliographical references. 
500 |a Electronic resource. 
650 0 |a Poverty  |z United States  |v Statistics. 
650 0 |a Poor  |z United States  |v Statistics. 
650 0 |a Income distribution  |z United States  |v Statistics. 
651 0 |a United States  |x Economic conditions  |y 2001-2009  |v Statistics. 
710 2 |a U.S. Census Bureau. 
776 0 8 |i Print version:  |a Anderson, Robin J.  |t Dynamics of economic well-being  |w (OCoLC)712789800 
830 0 |a Current population reports.  |n Series P-70,  |p Household economic studies ;  |v no. 123. 
856 4 0 |u https://purl.fdlp.gov/GPO/gpo8160  |t 0 
999 |a MARS 
999 f f |s 1b0c0ea8-f597-32fb-a596-5430be511856  |i 2e1eaaec-eeeb-3651-bf13-2f713d8dcdc8  |t 0 
952 f f |a Texas A&M University  |b College Station  |c Electronic Resources  |d Available Online  |t 0  |e C 3.186:P-70/2/123  |h Superintendent of Documents classification 
998 f f |a C 3.186:P-70/2/123  |t 0  |l Available Online